| 000 | 01552cam a2200445 4500 | ||
|---|---|---|---|
| 003 | PE-LiUPU | ||
| 005 | 20250731184602.0 | ||
| 020 | _a8425302277 | ||
| 035 | _a(Sirsi) i9788425302275 | ||
| 035 | _a(Sirsi) 15382 | ||
| 035 | _a(Sirsi) 15382 | ||
| 041 | _aes | ||
| 044 | _amx | ||
| 082 | 0 | 4 |
_a947.084 _bU33 |
| 100 | 1 | _aUlam, Adam B. | |
| 245 | 1 | 4 |
_aLos Bolcheviques : los personajes y la historia política e intelectual de los orígenes del comunismo ruso / _cAdam B. Ulam. |
| 264 | 1 |
_aMéxico : _bEdiciones Grijalbo, _c1974. |
|
| 300 |
_a637 páginas : _bilustraciones ; _c22 cm. |
||
| 505 | 0 | _aLa familia -- La tradición revolucionaria -- El aprendizaje -- El líder -- Revolución y reacción -- Los años de espera: 1908-1917 -- 1917 -- La victoria -- Los mundos del comunismo -- Los últimos combates. | |
| 526 | _aP136 | ||
| 526 | _aP135 | ||
| 526 | _aP134 | ||
| 526 | _aP133 | ||
| 526 | _aP144 | ||
| 526 | _aP143 | ||
| 526 | _aP87 | ||
| 526 | _aP35 | ||
| 526 | _aP20 | ||
| 526 | _aP14 | ||
| 526 | _aP10 | ||
| 526 | _aP06 | ||
| 650 | 1 | 4 |
_aComunismo _zUnió Soviética. |
| 651 | 4 |
_aRusia _xHistoria _ySiglo XIX-XX. |
|
| 942 |
_2ddc _cBOOK |
||
| 949 |
_a947.084 U33 _i24972 _lCCODEBUL1 _mBUL _tLIBRO _o.STAFF. Circulación |
||
| 859 |
_q24972 _h947.084 _iU33 |
||
| 910 | _aaj-em | ||
| 596 | _a1 | ||
| 999 |
_a947.084 U33 _wDEWEY _c55635 _i24972 _f2021-11-8 _g5 _lCCODEBUL1 _mBUL _r0 _sY _tBOOK _u2015-6-16 _xBIBLIOTECA _PP20 _0COMPRA _o.STAFF. Colección General _d55635 |
||
| 980 |
_81 _gALBERTO SANCHEZ Responsable de Automatización |
||